000 00858 a2200253 4500
999 _c29186
_d29186
003 NUST
005 20180118153157.0
008 180118b xxu||||| |||| 00| 0 eng d
020 _a354066100X
020 _a9783540661009
082 0 4 _a515
100 1 _aDautray, Robert.
_98854
245 1 0 _aMathematical analysis and numerical methods for science and technology :
_b.
_nVolume 4 :
_bintegral equations and numerical methods /
_cRobert Dautray, Jacques-Louis Lions, J.C. Amson, M. Artola, P. Benilan, M. Bernadou, M. Cessenat, J.-C. Nedelec, J. Planchard, B. Scheurer.
260 _a[S.l.] :
_bSpringer,
_c1990.
300 _a504 p. ;
_c24 cm.
700 1 _aLions, Jacques-Louis.
_98855
700 1 _aAmson, J.C.
_98856
700 1 _aArtola, M.
_98857
700 1 _aBenilan, P.
_98858
700 1 _aBernadou, M.
_98859
700 1 _aCessenat, M.
_98860
700 1 _aNedelec, J.-C.
_98861
700 1 _aPlanchard, J.
_98862
700 1 _aScheurer, B.
_98863
942 _aSNS
_cBK
_k530 DAU
_2ddc